Iron Maiden : Illustration #4 - Statistics

General Stats
  • This quiz has been taken 20 times
  • The average score is 13 of 16
Answer Stats
Picture Answer % Correct
Brave new world
100%
Piece of mind
100%
The trooper
100%
Flight of Icarus
88%
No prayer for the dying
88%
Run to the hills
88%
Seventh son of a seventh son
88%
The X factor
88%
Live after death
81%
The clairvoyant
75%
A matter of life and death
69%
Tailgunner
63%
The prophecy
63%
Be quick or be dead
56%
Death on the road
56%
Sanctuary
50%
No matching quizzes found
Score Distribution
Percent of People with Each Score
Percentile by Number Answered
Your Score History
You have not taken this quiz